| 000 | 00421nam a2200145Ia 4500 | ||
|---|---|---|---|
| 008 | 230917s9999||||xx |||||||||||||| ||und|| | ||
| 040 |
_e64442 _aMAIN |
||
| 041 | _aEnglish | ||
| 082 | _a158.1 F366S | ||
| 100 | _aFensterheim, Herbert | ||
| 245 | 0 | _aStop running scared for control training: How to conquer your fears, phobias and anxieties | |
| 260 |
_aNew York _bRawson _c1977 |
||
| 300 | _axiii, 326 p. | ||
| 942 | _cBK | ||
| 999 |
_c215383 _d215383 |
||